SIGNALS AND SYSTEMS (Record no. 5251)

MARC details
000 -LEADER
fixed length control field 00366nam a22001577a 4500
005 - DATE AND TIME OF LATEST TRANSACTION
control field 20160916110346.0
008 - FIXED-LENGTH DATA ELEMENTS--GENERAL INFORMATION
fixed length control field 160916b xxu||||| |||| 00| 0 eng d
020 ## - INTERNATIONAL STANDARD BOOK NUMBER
ISBN 978-93-5014-229-5
041 ## - LANGUAGE CODE
Language code of text/sound track or separate title eng
100 ## - MAIN ENTRY--AUTHOR NAME
Personal name SHARMA,DR.SANJAY
245 ## - TITLE STATEMENT
Title SIGNALS AND SYSTEMS
260 ## - PUBLICATION, DISTRIBUTION, ETC. (IMPRINT)
Name of publisher KATSON
Year of publication 2015
300 ## - PHYSICAL DESCRIPTION
Number of Pages 870
650 ## - SUBJECT ADDED ENTRY--TOPICAL TERM
Topical Term ENGINEERING
942 ## - ADDED ENTRY ELEMENTS (KOHA)
Koha item type Books
Holdings
Lost status Damaged status Collection code Home library Current library Shelving location Date acquired Source of acquisition Cost, normal purchase price Accession Number Koha item type
    Reference JRU Library   SHELF -72- G 16/09/2016 PURCHASE 495.00 21249 Books
      JRU Library   SHELF-39-L 16/09/2016 PURCHASE 495.00 21250 Books
      JRU Library   SHELF-39-L 16/09/2016 PURCHASE 495.00 21251 Books
      JRU Library   SHELF-39-L 16/09/2016 PURCHASE 495.00 21252 Books
      JRU Library   SHELF-39-L 16/09/2016 PURCHASE 495.00 21253 Books